banner-ar

الاشعاع : الجرعات والتاثيرات والمخاطر / (Record no. 47862)

MARC details
000 -الفاتح
حقل البيانات ثابتة الطول 00731nam a2200229Ia 4500
008 - عناصر البيانات ثابتة الطول - معلومات عامة
حقل البيانات ثابتة الطول 140319s9999 xx 000 0 ara d
040 ## - مصدر الفهرسة
وكالة الفهرسة الأصلية GCL /
وكالة النسخ GCL
082 04 - رقم تصنيف ديوى العشرى
رقم التصنيف 539.2
رقم المادة ف ا
100 1# - المدخل الرئيسى - إسم شخصى
الإسم الشخصى محمد فاروق احمد
245 10 - بيان العنوان
العنوان الاشعاع : الجرعات والتاثيرات والمخاطر /
بيان المسئوليه,etc محمد فاروق احمد
700 1# - المدخل الاضافى - اسم شخصى
الإسم الشخصى فوزى حسين حماد (ترجمة)
700 1# - المدخل الاضافى - اسم شخصى
الإسم الشخصى عبدالرحمن محمد مليبارى
300 ## - الوصف المادى
التعداد 139 ص
490 ## - بيان السلسلة
عنوان السلسلة
650 04 - المدخل الاضافى بالموضوع-مصطلح موضوعى
مصطلح موضوعي الاشعاع
650 04 - المدخل الاضافى بالموضوع-مصطلح موضوعى
مصطلح موضوعي الطاقة النووية
650 04 - المدخل الاضافى بالموضوع-مصطلح موضوعى
مصطلح موضوعي مصادر الطاقة
650 04 - المدخل الاضافى بالموضوع-مصطلح موضوعى
مصطلح موضوعي الطاقة الاشعاعية
650 04 - المدخل الاضافى بالموضوع-مصطلح موضوعى
مصطلح موضوعي الاشعة الكونية
942 ## - عناصر المدخل الإضافي( كوها)
مصدر التصنيف او مخطط الترفيف Dewey Decimal Classification
Koha [default] item type كتاب
Holdings
حالة التراجع حالة الفقد حالة تلف ليس للاعارة المكان المؤقت الموقع الحالى تاريخ الاكتساب اجمالي اﻻعارات رقم الطلب الباركود تاريخ اخر مشاهدة تاريخ تفعيل السعر نوع وعاء كوها
        مكتبة القاهرة الكبرى مكتبة القاهرة الكبرى 03/26/2014   539.2\ف ا 115417 03/26/2014 03/26/2014 كتاب
        مكتبة القاهرة الكبرى مكتبة القاهرة الكبرى 03/26/2014   539.2\ف ا 115418 03/26/2014 03/26/2014 كتاب

Powered By

EGPV